|
|
|
|
| LEADER |
00813nam a2200205 a 4500 |
| 001 |
12560859 |
| 008 |
091105s2001 enkab o000 0 eng d |
| 010 |
|
|
|a 2001368625
|
| 040 |
|
|
|a UKM
|c UKM
|d OCLCQ
|d DLC
|
| 082 |
0 |
0 |
|a 332.1/532
|2 21
|
| 245 |
0 |
0 |
|a Partnerships for development
|
| 260 |
|
|
|a Worthing :
|b published by the Creative Communications Group for the World Bank,
|c 2001.
|
| 300 |
|
|
|a 206 p. :
|b ill. (some col.), maps ;
|c 30 cm.
|
| 541 |
1 |
|
|e 00011038
|
| 610 |
2 |
0 |
|a World Bank.
|
| 650 |
|
0 |
|a Sustainable development.
|
| 710 |
2 |
|
|a World Bank.
|
| 852 |
4 |
|
|a Ayesha Abed Library
|j General Shelf
|
| 999 |
|
|
|c 5720
|d 5720
|
| 952 |
|
|
|0 0
|1 0
|2 ddc
|4 0
|6 332_153200000000000_PAR_2001
|7 0
|9 5654
|a BRACUL
|b BRACUL
|c GEN
|d 2009-11-21
|g 0.00
|l 0
|o 332.1532 PAR
|p 3010011038
|r 2009-11-21
|t 1
|w 2009-11-21
|y BK
|x No price found in the accession register.
|